000 00327 a2200157 4500
001 161462
020 _a
040 _cMagnum
100 _aHohlfeldt, Antonio
240 1 0 _aDescobridor de continentes
_lpor
245 1 0 _aDescobridor de continentes
362 0 _a1899
440 1 _aFTD
697 _aJ/GERAL
942 _cBK
999 _c161462
_d161462